书目信息 |
| 题名: |
韩国语能力考试必备中级阅读
|
|
| 作者: | 金载英 , 赵春会 , 李浩 编著 | |
| 分册: | ||
| 出版信息: | 北京 外语教学与研究出版社 2010.04 |
|
| 页数: | 373页 | |
| 开本: | 26cm | |
| 丛书名: | 韩国语能力考试系列丛书 | |
| 单 册: | ||
| 中图分类: | H559.4 | |
| 科图分类: | ||
| 主题词: | 朝鲜语--chao xian yu--阅读教学--水平考试--自学参考资料 | |
| 电子资源: | ||
| ISBN: | 978-7-5600-9554-7 | |
| 000 | 01114nam 2200289 450 | |
| 001 | B00000052384 | |
| 005 | 20110715085108.62 | |
| 010 | @a978-7-5600-9554-7@dCNY49.90 | |
| 100 | @a20100722d2010 km y0chiy50 ea | |
| 101 | 0 | @achi@akor |
| 102 | @aCN@b110000 | |
| 105 | @aa z 000yy | |
| 106 | @ar | |
| 200 | 1 | @a韩国语能力考试必备中级阅读@Ahan guo yu neng li kao shi bi bei zhong ji yue du@f(韩) 金载英, 赵春会, 李浩编著 |
| 210 | @a北京@c外语教学与研究出版社@d2010.04 | |
| 215 | @a373页@d26cm | |
| 225 | 2 | @a韩国语能力考试系列丛书@Ahan guo yu neng li kao shi xi lie cong shu |
| 330 | @a本书针对韩国语能力考试中的阅读题型编写。全书按照真题类型介绍、真题解析、真题深度分析、真题综合练习和模拟练习的顺序,对阅读题型进行了全面剖析和讲解,为考生提供最有效的解题思路和应试训练。 | |
| 410 | 0 | @12001 @a韩国语能力考试系列丛书 |
| 586 | @a | |
| 606 | 0 | @a朝鲜语@Achao xian yu@x阅读教学@x水平考试@j自学参考资料 |
| 690 | @aH559.4@v5 | |
| 701 | 0 | @a金载英@Ajin zai ying@4编著 |
| 701 | 0 | @a赵春会@Azhao chun hui@4编著 |
| 701 | 0 | @a李浩@Ali hao@4编著 |
| 801 | 0 | @aCN@c20110610 |
| 905 | @dH559.4@eJ8301@f3 | |
| 韩国语能力考试必备中级阅读/(韩) 金载英, 赵春会, 李浩编著.-北京:外语教学与研究出版社,2010.04 |
| 373页;26cm.-(韩国语能力考试系列丛书) |
| ISBN 978-7-5600-9554-7:CNY49.90 |
| 本书针对韩国语能力考试中的阅读题型编写。全书按照真题类型介绍、真题解析、真题深度分析、真题综合练习和模拟练习的顺序,对阅读题型进行了全面剖析和讲解,为考生提供最有效的解题思路和应试训练。 |
| ● |
| 相关链接 |
|
|
|
正题名:韩国语能力考试必备中级阅读
索取号:H559.4/J8301
 
预约/预借
| 序号 | 登录号 | 条形码 | 馆藏地/架位号 | 状态 | 备注 |
| 1 | 883076 | 208830764 | 语言库209/209语言库 137排2列4层/ [索取号:H559.4/J8301] | 在馆 | |
| 2 | 883077 | 208830773 | 语言库209/209语言库 137排2列4层/ [索取号:H559.4/J8301] | 在馆 | |
| 3 | 883078 | 208830782 | 语言库209/209语言库 137排2列4层/ [索取号:H559.4/J8301] | 在馆 |